| 000 | 01010cam a2200325 a 4500 | ||
|---|---|---|---|
| 001 | 78114 | ||
| 003 | BD-RjUL | ||
| 005 | 20211209083106.0 | ||
| 008 | 210322s1998 u b 000 0 ara | ||
| 020 | _a9772153556 | ||
| 035 | _a(BD-RjUL)78340 | ||
| 040 |
_aDLC-R _cDLC-R _dDLC _beng |
||
| 041 | _aeng | ||
| 042 | _alcode | ||
| 066 | _c(3 | ||
| 082 |
_223 _a892.709 _bRAD 1998 |
||
| 100 | 1 |
_aراغب, نبيل ;; raghib, nabil _9246419 |
|
| 245 | 1 | 0 |
_a دليل الناقد الأدبي ;; Dalīl al-nāqid al-adabī / _cنبيل راغب ;; Nabil Ragheb |
| 250 | _aal-Ṭabʻah 2. | ||
| 260 |
_aQahira : _bدار غريب , _c1998. |
||
| 300 |
_a239 p. ; _c24 cm. |
||
| 504 | _aIncludes bibliographical references | ||
| 650 | 0 |
_aLiterature _vTerminology. _9246420 |
|
| 650 | 0 |
_vArabic literature _9246421 |
|
| 650 | 0 |
_aLiterary form _vTerminology. _9246422 |
|
| 650 | 0 |
_aArabic language _vTerms and phrases. _9246423 |
|
| 942 |
_2ddc _cBK |
||
| 999 |
_c78114 _d78114 |
||